| 000 | 00533nam a22001937a 4500 | ||
|---|---|---|---|
| 005 | 20251108170933.0 | ||
| 008 | 250721s1980 xx 000 0 ara d | ||
| 082 | 1 | 4 | _a216.7/صال |
| 100 | 1 | _aاللميدان، صالح | |
| 245 | 1 | 0 | _aالجهاد في الإسلام بين الطلب و الدفاع / |
| 250 | _aط3 | ||
| 264 | 1 |
_aالرياض : _bدار اللواء، _c1980. |
|
| 300 | _a151ص | ||
| 650 | 1 | 7 | _aالإسلام |
| 650 | 1 | 7 | _aالفقه |
| 650 | 1 | 7 | _aالجهاد |
| 942 |
_2ddc _cBK |
||
| 999 |
_c52537 _d52537 |
||